| 000 | 00761nam a2200241 i 4500 | ||
|---|---|---|---|
| 001 | 97276 | ||
| 003 | ES-MaACL | ||
| 005 | 20230906182054.0 | ||
| 007 | t| | ||
| 008 | 050708s1982 sp ||||1| spa d | ||
| 020 | _a84-306-3046-5 | ||
| 080 | _a32(460)"1975/.." | ||
| 100 | 1 |
_aMaravall, José María. _976330 |
|
| 245 | 1 | 3 |
_aLa política de la transición / _cJosé María Maravall. |
| 260 |
_aMadrid : _bTaurus, _c1982. |
||
| 300 |
_a277 p. ; _c21 cm. |
||
| 490 | 1 |
_aBiblioteca política Taurus ; _v46 |
|
| 651 | 4 |
_aEspaña- _xHistoria- _y1975-1982, Transición. _9149272 |
|
| 651 | 4 |
_aEspaña- _xPolítica y gobierno- _y1975-1982. _98447 |
|
| 830 | 1 |
_aBiblioteca política Taurus ; _v46 _9176515 |
|
| 852 | 4 |
_aES-MaACL _jL-3686 |
|
| 999 |
_c97276 _d97276 |
||